Théorie Financiére

Salvato in:
Dettagli Bibliografici
Autore principale: Cobbaut, Robert
Natura: Libro
Lingua:francese
Pubblicazione: Paris Economica 1989
Edizione:1. éd.
Soggetti:
Tags: Aggiungi Tag
Nessun Tag, puoi essere il primo ad aggiungerne!!

MARC

LEADER 00000nam a2200000 4500
001 c001283
005 20221215130546.0
020 |a 2-7178-1298-9 
041 0 |a fre 
044 |a FR 
245 1 0 |a Théorie Financiére  |c Robert Cobbaut 
250 |a 1. éd. 
264 1 |a Paris  |b Economica  |c 1989 
300 |a 430 s. 
610 2 0 |a financie 
610 2 0 |a teórie ekonomické 
610 2 0 |a rozhodovanie 
610 2 0 |a trh peňažný 
610 2 0 |a trh kapitálový 
610 2 0 |a modely rozhodovania 
610 2 0 |a spotreba 
610 2 0 |a úspory 
610 2 0 |a investície 
610 2 0 |a miera úroková 
610 2 0 |a modely ekonomicko-matematické 
610 2 0 |a rovnováha finančná 
610 2 0 |a burzy 
610 2 0 |a papiere cenné 
610 2 0 |a financie podnikové 
610 2 0 |a firmy 
610 2 0 |a rozmiestenie investícií 
100 1 |a Cobbaut, Robert